LEADER 00934nam0-2200301---450- 001 990005317850403321 005 20130125133140.0 035 $a000531785 035 $aFED01000531785 035 $a(Aleph)000531785FED01 035 $a000531785 100 $a19990604d1970----km-y0itay50------ba 101 0 $aeng 102 $aUS 105 $aaf------001yy 200 1 $aMilitary theory and pratice in the age of Xenophon$fJ.K. Anderson 210 $aBerkeley ; Los Angeles$cUniversity of California Press$d1970 215 $a419 p., 19 c. di tav.$cill.$d24 cm 610 0 $aTeorie militari$aGrecia antica 676 $a355.00938$v22$zita 700 1$aAnderson,$bJohn Kinloch$0487156 801 0$aIT$bUNINA$gRICA$2UNIMARC 901 $aBK 912 $a990005317850403321 952 $a355.09 AND 1$bANT. G.R. 752$fFLFBC 959 $aFLFBC 996 $aMilitary theory and pratice in the age of Xenophon$9598334 997 $aUNINA LEADER 00732nam0-2200277 --450 001 9910283358303321 005 20180905111808.0 020 $aIT$b1924 5019 100 $a20180905d1924----km y0itay50 ba 101 0 $aita 102 $aIT 105 $aa 001yy 200 1 $aFerrovie aeree$eteleferiche$fFernando Barbacini 210 $aMilano$cSonzogno$d1924 215 $a256 p.$cill.$d19 cm 225 1 $aManuali tecnici Sonzogno$v13 610 0 $aTeleferiche 676 $a625.5$v19 700 1$aBarbacini,$bFernando$0270532 801 0$aIT$bUNINA$gREICAT$2UNIMARC 901 $aBK 912 $a9910283358303321 952 $aH1/6$b1886$fDINTR 959 $aDINTR 996 $aFerrovie aeree$91507708 997 $aUNINA